| 000 | 01006nam2a2200277 4500 | ||
|---|---|---|---|
| 001 | RU\NLR\bibl\6297 | ||
| 005 | 20250615005707.0 | ||
| 010 |
_a5-230-03704-0 _9200 |
||
| 021 |
_aRU _b98-29523 _91252 |
||
| 035 | _a(NLR Aleph) 000006130 | ||
| 090 |
_a17867 _c17867 |
||
| 100 | _a19981023d1996 |||y0rusy50 ca | ||
| 101 | 0 | _arus | |
| 102 | _aRU | ||
| 105 | _a||||||||||||| | ||
| 200 | 0 | _a[Ч. 2] | |
| 210 |
_d1996 _aБ. м. |
||
| 215 |
_a124 с. _d20 |
||
| 461 | 0 |
_1001RU\NLR\bibl\6593 _12001#$aВольный край Камышинский$v[Ч. 2] _919030 _aШендаков, Г. Н. _cВолгоград _d1996 _fГ.Н. Шендаков _nВолгГТУ _oУчеб. пособие : [Для студентов вузов и учащихся сред. шк.] _tВольный край Камышинский _v[Ч. 2] |
|
| 801 | 0 |
_aRU _bNLR _c19981023 _gPSBO |
|
| 801 | 1 |
_aRU _bNLR _c19981023 |
|
| 852 |
_aNLR _j98-3/6023 |
||
| 942 | _cBOOK | ||
| 980 | _aNB | ||